मानवाधिकार जेन्डर एवम् पर्यावरण (Record no. 1218816)

MARC details
000 -LEADER
fixed length control field 00676nam a2200193Ia 4500
008 - FIXED-LENGTH DATA ELEMENTS--GENERAL INFORMATION
fixed length control field 241004s9999 xx 000 0 und d
020 ## - INTERNATIONAL STANDARD BOOK NUMBER
International Standard Book Number 9788130909271
037 ## - SOURCE OF ACQUISITION
Stock number Textbook
040 ## - CATALOGING SOURCE
Original cataloging agency ARTS
Language of cataloging hin
Transcribing agency ARTS
041 ## - LANGUAGE CODE
Language code of text/sound track or separate title hin
Source of code hin
084 ## - COLON CLASSIFICATION NUMBER
Classification number W:5 152Q8
Assigning agency ARTS
100 ## - MAIN ENTRY--PERSONAL NAME
Personal name बिसवाल, तपन, ले.
245 ## - TITLE STATEMENT
Title मानवाधिकार जेन्डर एवम् पर्यावरण
Statement of responsibility, etc. बिसवाल, तपन, ले.
260 ## - PUBLICATION, DISTRIBUTION, ETC.
Place of publication, distribution, etc. भारत
Name of publisher, distributor, etc. नई दिल्ली, विवा बुक्स
Date of publication, distribution, etc. 2008
300 ## - PHYSICAL DESCRIPTION
Extent 430पृ0
365 ## - TRADE PRICE
Price type code INR
Price amount 395
942 ## - ADDED ENTRY ELEMENTS (KOHA)
Koha item type Textbook
Classification part W:5 152Q8
Holdings
Withdrawn status Lost status Source of classification or shelving scheme Damaged status Not for loan Home library Current library Date acquired Source of acquisition Cost, normal purchase price Inventory number Total Checkouts Full call number Barcode Date last seen Price effective from Koha item type
    Colon Classification (CC)     Arts Library Arts Library 2024-12-05 Viva Books Private Limited 395.00 SIVB-30-22-04816 & 12/01/2023   W:5 152Q8 AL1666874 2024-10-04 2024-10-04 Textbook
Copyright @ Delhi University Library System